书目信息 |
| 书名: | Girl With The Broken Wing | |
| 作者: | Heather Dyer | |
| 分册号: | ||
| 分册名: | 出版地: | NEW YORK |
|
| 出版社: | Scholastic Paperbacks | |
| 出版时间: | 2005 | |
| 页数: | 146P | |
| 开本: | 22CM | |
| 丛书名: | ||
| 中图分类号: | ||
| 科图分类号: | ||
| 其他分类号: | I18 | |
| 主题词: | ||
| 电子资源: | ||
| 000 | 00390nam0 2200145 450 | |
| 001 | 202012001753 | |
| 005 | 20121114103631.0 | |
| 008 | 12111401s | |
| 020 | @a9780439748285@c$4.99 | |
| 099 | @dI18@eH441 | |
| 245 | 10 | @aGirl With The Broken Wing @cHeather Dyer |
| 260 | 0 | @aNEW YORK@bScholastic Paperbacks @c2005 |
| 300 | @a146P@c22CM | |
| 905 | @b11322 | |
| 905 | @aTSG@dI18@eH441 | |
| Girl With The Broken Wing / Heather Dyer.-NEW YORK : Scholastic Paperbacks , 2005 |
| 146P ; 22CM |
| ISBN 9780439748285$4.99 |
| ● |
| 相关链接 |
|
|
|
正题名:Girl With The Broken Wing
索取号:I18/H441
 
预约/预借
| 序号 | 登录号 | 条形码 | 馆藏地/架位号 | 状态 | 备注 |